000 00323nam a22001337a 4500
040 _cFIZZA ISHAQ
082 _a690.0286
_bDAV
100 _aCHESIRS, DAVID.
_991187
245 _aBUILDING REVOLUTIONS /
_cDAVID CHESHIRE.
250 _a1st ED.
260 _bRIBA PUBLISHING,
_c2016.
300 _a138 P. ;
942 _2ddc
_cBK
999 _c589348
_d589348